000 00808nam a2200241Ia 4500
003 OSt
005 20220927105654.0
006 a|||||r|||| 00| 0
007 ta
008 220926b |||||||| |||| 00| 0 eng d
024 _a194934
037 _cReference Collections
040 _aRTL
_cRTL
_beng
041 _2eng
_aeng
082 _a"Y15-49.281, Q0/TH"
100 _aTEWARI Preeti
_9374146
245 0 _aDivision of Work and Gendered Space in Delhi.
260 _a"Delhi,"
_bUniversity of Delhi.
_c2010
300 _a"x,218p Bibliography: p 196-213"
_ccm.
490 _a"University of Delhi,Geography ( Deptt of -),Thesis. Thesis, University of Delhi, Geography ( Deptt.of -"
942 _h"Y15-49.281, Q0/TH"
_cCC
999 _c693840
_d693840